| 000 | 00414nam a2200157Ia 4500 | ||
|---|---|---|---|
| 005 | 20241219140649.0 | ||
| 008 | 231217s9999 xx 000 0 und d | ||
| 020 | _a9788131406472 | ||
| 082 | _a347.012 VID;1 R | ||
| 100 | _aVidya, C ed. | ||
| 245 | 0 | _aCyber jurisdiction : a legal vision | |
| 260 |
_c2006 _bIcfai _aHyderabad |
||
| 300 | _avi, 261 | ||
| 650 | _aCyber,jurisdiction,legal,vision | ||
| 942 | _cAA | ||
| 999 |
_c189222 _d189222 |
||